| 000 | 00737nam a22003010a 4500 | ||
|---|---|---|---|
| 001 | PT57627 | ||
| 003 | AR-LpoUNG | ||
| 005 | 20210131231824.0 | ||
| 008 | 191001s2015||||ag |||||||||||||||||spa d | ||
| 020 |
_a9789877280449 _c$20,50 |
||
| 040 |
_aAR-LpoUNG _bspa _cAR-LpoUNG _eaacr |
||
| 041 | _aspa | ||
| 044 | _aag | ||
| 082 | 0 | _aA863 8zel | |
| 100 | 1 |
_aQuiroga, Jorge _ecoor. |
|
| 245 | 1 | 0 | _aZelarayán |
| 250 | _a1ra. ed. | ||
| 260 |
_aBuenos Aires : _bBiblioteca Nacional, _c2015. |
||
| 300 |
_a185 p. : _bfot. |
||
| 650 | 4 | _aARGENTINA | |
| 650 | 4 | _aCUENTOS | |
| 650 | 4 | _aLITERATURA | |
| 651 | 4 | _aArgentina | |
| 653 | _aLITERATURA ARGENTINA | ||
| 700 | 1 |
_aGonzález, Horacio _eint. |
|
| 905 | _a57627 | ||
| 942 | _cLIB | ||
| 999 |
_c12126 _d12126 |
||